000 00268nam a2200109Ia 4500
008 190216s9999||||xx |||||||||||||| ||und||
100 _aUniversity Of Travancore
245 0 _aTerms In Elementary Physics
260 _bDept Of Physics
650 _aPhysics
942 _cBK
999 _c32767
_d32767